[Event "CHN-ch Gp-B"]
[Site "Liaocheng"]
[Date "2024.04.23"]
[Round "6"]
[White "Wang, Fan1"]
[Black "Lin, Shuhan"]
[Result "1/2-1/2"]
[WhiteElo "1921"]
[BlackElo "1656"]
[PlyCount "89"]
[EventDate "2024.04.21"]
[EventType "swiss"]
[EventRounds "11"]
[EventCountry "CHN"]
[SourceTitle "CB18_2024"]
[SourceDate "2024.05.01"]
[SourceVersion "1"]
[SourceVersionDate "2024.05.01"]
[SourceQuality "2"]

1. e4 c5 2. Nf3 d6 3. d4 Nf6 4. Nc3 cxd4 5. Nxd4 g6 6. Be2 Nc6 7. Be3 Bg7 8. 0-0 0-0 9. f4 Qb6 10. Qd3 Qa5 11. Kh1 Bg4 12. a3 a6 13. h3 Bxe2 14. Ndxe2 Rac8 15. Rab1 Qc7 16. b4 Nb8 17. Rfc1 Qc4 18. Bd4 Nbd7 19. e5 Nh5 20. Qxc4 Rxc4 21. Nd5 Nxf4 22. Nxe7+ Kh8 23. Nxf4 Rxd4 24. e6 Nf6 25. Rf1 Re8 26. Ne2 Re4 27. Nc3 Rxe6 28. Ned5 Nh5 29. Rxf7 Re1+ 30. Rxe1 Rxe1+ 31. Kh2 Be5+ 32. g3 Rc1 33. Ne4 Rxc2+ 34. Kg1 Re2 35. Ndf6 Bd4+ 36. Kh1 Nxf6 37. Nxf6 Bxf6 38. Rxf6 Re3 39. Rxd6 Rxg3 40. Kh2 Rxa3 41. Rb6 Rb3 42. Rxb7 a5 43. b5 a4 44. Ra7 Rxb5 45. Rxa4 1/2-1/2